Impuesto a las ganancias (Registro nro. 1057)

Detalles MARC
000 -LEADER
fixed length control field 01146 a2200217 4500
001 - CONTROL NUMBER
control field 22799
005 - DATE AND TIME OF LATEST TRANSACTION
control field 20260407155518.0
008 - FIXED-LENGTH DATA ELEMENTS--GENERAL INFORMATION
fixed length control field 260407a1980 arg spa d
003 - CONTROL NUMBER IDENTIFIER
control field AR-UNSa-BCEJYS
040 ## - CATALOGING SOURCE
Original cataloging agency AR-UNSa-BCEJYS
Language of cataloging spa
Transcribing agency AR-UNSa-BCEJYS
080 ## - UNIVERSAL DECIMAL CLASSIFICATION NUMBER
Universal Decimal Classification number 336.226.1
Common auxiliary subdivision Impuestos a las ganancias o los beneficios (Impuesto Diferido)
100 1# - MAIN ENTRY--PERSONAL NAME
Personal name Giuliani Fonrouge, Carlos M.
245 10 - TITLE STATEMENT
Title Impuesto a las ganancias
Name of part/section of a work Análisis de doctrina y jurisprudencia
250 ## - EDITION STATEMENT
Edition statement 2a. ed.
264 #1 - PRODUCTION, PUBLICATION, DISTRIBUTION, MANUFACTURE, AND COPYRIGHT NOTICE
Place of production, publication, distribution, manufacture Buenos Aires :
Name of producer, publisher, distributor, manufacturer Depalma
Date of production, publication, distribution, manufacture, or copyright notice 1980
300 ## - PHYSICAL DESCRIPTION
Extent xxvii, 729 p.
Dimensions 23 cm.
505 ## - FORMATTED CONTENTS NOTE
Formatted contents note 1. Disposiciones generales - 2. Categoría de ganancias - 3. Ganancias de la 3º categoria. Beneficios de las empresas y ciertos auxiliares de comercio - 4. Ganancias de la 4º categoria.renta del trabajo personal - 5. Ganancias de la 5º categoria.ganacias no incluidas en las restantes categorías - 6. De las deducciones - 7. Tasas del impuesto para las personas de existencia visible y sucesiones indivisas - 8. Beneficios del exterior - 9. Otras disposiciones.
590 ## - LOCAL NOTE (RLIN)
Local note niveau_biblio:m niveau_hierar:0
700 1# - ADDED ENTRY--PERSONAL NAME
Personal name Navarrine, Susana Camila
942 ## - ADDED ENTRY ELEMENTS (KOHA)
Koha item type
Existencias
Withdrawn status Lost status Damaged status Not for loan Home library Current library Shelving location Date acquired Total checkouts Full call number Barcode Date last seen Price effective from Koha item type
        Biblioteca Prof. Eusebio Cleto del Rey Biblioteca Prof. Eusebio Cleto del Rey   07/04/2026   336.226.1 G537 2ed. L28513 07/04/2026 07/04/2026 Libro
        Biblioteca Prof. Eusebio Cleto del Rey Biblioteca Prof. Eusebio Cleto del Rey   07/04/2026   336.226.1 G537 2ed. L28514 07/04/2026 07/04/2026 Libro